Popular Songs by Verse Lyrics - Statistics

General Stats
  • This quiz has been taken 24 times
  • The average score is 3 of 14
Answer Stats
Hint Answer % Correct
It started out with a kiss, How did it end up like this? Mr. Brightside
50%
Workin' hard to get my fill, everybody wants a thrill Don't Stop Believin'
45%
Like the legend of the phoenix, All ends with beginnings Get Lucky
36%
Don't you ever say I just walked away, I will always want you Wrecking Ball
36%
Love Game intuition play the cards with spades to start Poker Face
32%
Young man, I was once in your shoes I said, I was down and out with the blues YMCA
32%
Yeah Darlin' go make it happen, Take the world in a love embrace Born to Be Wild
23%
Now Muscle Shoals has got the Swampers, And they've been known to pick a song or two Sweet Home Alabama
18%
Today's another day to find you, shying away Take On Me
18%
I guess there is no one to blame, we're leaving ground The Final Countdown
14%
You're part of my entity, Here for infinity Umbrella
14%
We took the bow and made a stand, Started swaying with the hand Kung Fu Fighting
9%
Got the wings of heaven on my shoes, I'm a dancin' man and I just can't lose Stayin' Alive
9%
These people 'round here, wear beat down eyes sunk in smoke dried faces Come On Eileen
0%
No matching quizzes found
Score Distribution
Percent of People with Each Score
Percentile by Number Answered
Your Score History
You have not taken this quiz